00898nam a2200205Ia 4500003000900000008004100009040001600050080001900066111009600085245026600181260003500447300001500482490006400497650002200561650001900583650002000602650002200622700001900644710002900663IN-BaIIA211028s9999 xx 000 0 eng d cIIA Library a063:53bENF-36 aConference of International School of Physics "Enrico Fermi"cItalyd1965 July 26 - Aug. 14 0aMany-body description of nuclear structure and reactionsbproceedings of the International School of Physics "Enrico Fermi" Varenna on Lake Como Villa Monastero 26th July - 14th August 1965cedited by Bloch C.  aNew YorkbAcademic Pressc1966 axvi, 589p. aInternational School of Physics "Enrico Fermi" Course v. 36 aMany-Body Problem aNASA Thesaurus aNuclear physics aNuclear Reactions aBloch, C., ed. aItalian Physical Society